00349 2200145 4500245006000000250001100060100002500071650001600096650001700112005001900129260001800148041001400166084001400180336000900194 aHarapan Kenangan PerjuangancKirani Edryna PakayahText aCet. 1 aKirani Edryna Pakaya aKarya Siswa aAutobiografi a20250521111340 aJakartac2025 aIndonesia a081 KIR h atext